Game shows Quiz Stats

 Plays Quiz not verified by Sporcle

Challenge
Share
Tweet
Embed
Score 0/17 Timer 06:00
0 Plays Today
host gameshow % Correct
Bob BarkerThe Price is Right
89.6%
Alex TrebekJeopardy!
88.8%
Pat SajakWheel of Fortune
88%
Howie Mandel Deal or No Deal
84.5%
John O'HurleyFamily Feud
64.5%
Jeff FoxworthyAre You Smarter Than a Fifth Grader?
63.7%
Regis PhilbinWho Wants To Be A Millionaire?
63.4%
Jeff ProbstSurvivor
55.4%
Tom BergeronHollywood Squares
43%
host gameshow % Correct
Bill EngvallLingo
36.6%
Ben BaileyCash Cab
33.3%
Wayne BradyDon't Forget The Lyrics
19.4%
John Henson, John Anderson, Jill WagnerWipeout
17.1%
Kirk FoggLegends Of The Hidden Temple
15.1%
Joey Fatone The Singing Bee
14%
Cat Deely20Q
7.5%
Lisa MaloskyAmerican Gladiators
4.3%

You're not logged in!

Compare scores with friends on all Sporcle quizzes.
Join for Free
OR
Log In

You Might Also Like...

Show Comments

Extras

Top Quizzes Today


Score Distribution

Your Account Isn't Verified!

In order to create a playlist on Sporcle, you need to verify the email address you used during registration. Go to your Sporcle Settings to finish the process.

Report this User

Report this user for behavior that violates our Community Guidelines.

Details: